000 00862nam a2200229 a 4500
005 20231128063704.0
008 131003s2012 mx r 000 0 spa d
020 _a9786077180166
035 _aUPN01000193358
049 _aCG
050 4 _aF1219.1 Y2
_bF8.9a 2012
100 1 _aFuente Chicoséin, Julio de la,
_d1905-1970
_930203
245 1 0 _aYalálag :
_buna villa zapoteca serrana /
_cJulio de la Fuente Chicoséin.
250 _a2a ed.
260 _aMéxico :
_bComisión Nacional para el Desarrollo de los Pueblos Indígenas,
_c2012.
300 _a432 p.
440 0 _aObras fundamentales de la antropología y el indigenismo en México ;
_v2
650 4 _aIndígenas de México
_xCultura
_95206
650 4 _aIndígenas de México
_zOaxaca
_xVida social y costumbres
_98532
650 7 _aZapotecas
_xVida social y costumbres
_2
_98619
905 _aLibro
999 _c165459
_d165459